000 00910nam a2200241Ii 4500
003 JO-AjNU
008 230605s9999||||xx |||||||||||||| ||und||
017 _a1429/2796
020 _a978-9960-04-798-0
040 _aJO-AjNU
_bara
_erda
_cJO-AjNU
041 _aara
050 1 4 _aPJ6106 2008
100 3 _aاعداد بن مسعود درين،محمد بن عمار,
_eauthor
_943517
245 0 0 _aأثر الأخفش في الكوفيين وتأثرة بهم
250 _aط1
264 3 1 _aالرياض:وزارة التعليم العالي عمادة البحث العلمي،2008
300 _a716ص
336 _atext
_btxt
_2rdacontent
337 _aunmediated
_bn
_2rdamedia
338 _avolume
_bnc
_2rdacarrier
490 0 _aسلسلة الرسائل الجامعية 83
650 4 _aاللغة العربية-النحو-أثر الأخفش في الكوفيين وتأثرة بهم
_943518
999 _aA18714
_c22282
_d22282